コンテンツを見る
Inicio
Centros participantes
Catálogo
Servicios
Contacto
ログイン
English
Deutsch
Español
Français
Italiano
日本語
Nederlands
Português
Português (Brasil)
中文(简体)
中文(繁體)
Türkçe
עברית
Gaeilge
Cymraeg
Ελληνικά
Català
Euskara
Русский
Čeština
Suomi
Svenska
polski
Dansk
slovenščina
اللغة العربية
বাংলা
Galego
Tiếng Việt
Hrvatski
हिंदी
Հայերէն
Українська
Sámegiella
言語
全フィールド
タイトル
著者
主題
請求記号
ISBN/ISSN
タグ
検索
詳細検索
Epistemología de la sociología...
この資料を引用
この資料をメール
印刷
エクスポート
エクスポート先: RefWorks
エクスポート先: EndNoteWeb
エクスポート先: EndNote
お気に入りに追加
パーマネントリンク
最初の評価を行う
Epistemología de la sociología puntos de partida de Jean Piaget
保存先:
書誌詳細
団体著者:
CSUCA
フォーマット:
テキスト
出版事項:
San José:
CSUCA
タグ:
タグ追加
タグなし, このレコードへの初めてのタグを付けませんか!
所蔵
その他の書誌記述
コメント
類似資料
MARC表示
MARC
LEADER
00000 a a2200000 04500
001
21809
003
040
|a
CRAI/IIS
|c
CRAI/IIS
090
|a
097900
110
|a
CSUCA
245
|a
Epistemología de la sociología puntos de partida de Jean Piaget
260
|a
San José:
|b
CSUCA
999
|c
11011
|d
11011
類似資料
El Concepto de la alienación en la sociología moderna
著者:: Kon, Igor
La producción mercantil del libro introducción a la economía política de Rosa Luxemburg
著者:: Luxemburgo, Rosa
La función consumo
著者:: Ackley, Gardner
La mercancía, capítulo 1
著者:: Marx, Carlos
Dependencia y autonomía, 1 /
著者:: O'Donnell, Guillermo